000
00289nam a22001217a 4500
008
170511b xxu||||| |||| 00| 0 eng d
041
_a
eng
080
_2
6 ED
_a
34
100
_a
15
101
_a
SHJ
245
_a
PRINCIPLES OF PUBLIC INTERNATIONAL LAW
_c
BROWNILE.I
942
_2
udc
_c
BK
999
_c
13233
_d
13233